Harry Potter and the Philosopher's Stone Quiz - Statistics

General Stats
  • This quiz has been taken 152 times
  • The average score is 5 of 22
Answer Stats
Question Answer % Correct
Where do the Dursley's live? 4 Privet Drive, Little Whinging
83%
Where does Vernon Dursley work? Grunnings Drill Company
83%
What vault number was the Philosopher's stone in? 713
33%
What present from Hagrid did Harry get for his 11th Birthday? Hedwig, a snowy owl
33%
What colour and pattern is Hagrid's umbrella? Pink and Flowery
33%
What Hotel did Harry and the Dursley's stay at and what was their room number? The Railview Hotel and 17
33%
What is Harry's vault number at Gringotts? 687
17%
What was the present Neville got from his gran? A Remembrall
17%
What is the middle name of Mrs Figg? Doreen
17%
Who is Gryffindor Quidditch Captain? Oliver Wood
17%
What was the name of the friend who came with Dudley to the Zoo? Piers Polkiss
17%
What item of food does the Trolley Lady not carry? Sickle Sandwiches
17%
Who did the flying motorbike originally belong to? Sirius Black
17%
When the Dursleys took Harry to London Kings Cross why were they going to London anyway? To remove Dudley's pig tail
17%
What is the name of Neville's frog? Trevor
17%
What type of snake was the snake at the Zoo? Boa Constrictor
0%
Who put the chess board under the trap door? Minerva McGonagall
0%
Who is the next person in line after Neville at the sorting Ceremony? Morag MacDougal
0%
What is the name of Hagrid's dragon? Norbert
0%
Who is Nicholas Flamel married to? Perenelle Flamel
0%
Who was the first to realise that Harry could speak to snakes? Piers Polkiss
0%
What is the first name of Professor Quirrell? Quirinus
0%
No matching quizzes found
Score Distribution
Percent of People with Each Score
Percentile by Number Answered
Your Score History
You have not taken this quiz